000 00310nam a2200121Ia 4500
008 210428s9999 xx 000 0 und d
082 _a627 V135 H
100 _aPeter Valko
_952172
245 0 _aHydraulic Fracture Mechanics
260 _bJohn Wiley & Sons
_aNew York
_c1995
300 _a298p.
942 _cBK
999 _c559938
_d559938